| 000 | 00602nam a22001937a 4500 | ||
|---|---|---|---|
| 003 | OSt | ||
| 005 | 20240920140900.0 | ||
| 008 | 240920b ||||| |||| 00| 0 eng d | ||
| 040 | _cAIMIT LIBRARY | ||
| 100 |
_aBangera, Tejas R. _e2216220 _9179769 |
||
| 245 |
_aStudy on impact of digital marketing on sales / _cBy Tejas R Bangera ; Guided by Harinakshi. |
||
| 260 |
_aMangalore : _c2024. |
||
| 650 |
_aLiterature review _9179770 |
||
| 650 |
_aResearch design _9179771 |
||
| 650 |
_aDescriptive statistics _9179772 |
||
| 700 |
_aHarinakshi. _eGuide _9179773 |
||
| 856 | _3Satellus. | ||
| 942 |
_2ddc _cPRO |
||
| 999 |
_c231870 _d231870 |
||